Skip to main content
Your cart is empty.
Your lists
Log in to create your own lists
Your cookies
العربية
English
العربية
Home
Search
Advanced search
Authority search
About
The noble scholar, jurist, historian
His Excellency Dr. Abdul Wahhab bin Ibrahim Abu Sulaiman, may Allah have mercy on him.
He was born in Umm Al-Qura in the year 1356 AH.
Library catalog
Title
Author
Subject
ISBN
ISSN
Series
Call number
Log in to your account
×
Login:
Password:
Home
MARC view: منطقة سدير في عهد الدولة السعودية الأولى :
Normal view
MARC view
ISBD view
منطقة سدير في عهد الدولة السعودية الأولى : (Record no. 11493)
[
view plain
]
MARC details
000 -LEADER
fixed length control field
02512cam a2200373 i 4500
003 - CONTROL NUMBER IDENTIFIER
control field
SA-RiAUC
005 - DATE AND TIME OF LATEST TRANSACTION
control field
20250907133206.0
008 - FIXED-LENGTH DATA ELEMENTS--GENERAL INFORMATION
fixed length control field
250904s2005 su a f b f000r0 ara c
020 ## - INTERNATIONAL STANDARD BOOK NUMBER
International Standard Book Number
9960880613
020 ## - INTERNATIONAL STANDARD BOOK NUMBER
International Standard Book Number
9960880680
024 0# - OTHER STANDARD IDENTIFIER
Standard number or code
00000000358321
040 ## - CATALOGING SOURCE
Original cataloging agency
SA-JeALM
Language of cataloging
ara
Transcribing agency
SA-RiAUC
Modifying agency
KAC
Description conventions
rda
043 ## - GEOGRAPHIC AREA CODE
Geographic area code
a-su---
050 #4 - LIBRARY OF CONGRESS CALL NUMBER
Item number
T87 2005
082 04 - DEWEY DECIMAL CLASSIFICATION NUMBER
Classification number
953.11
Assigning agency
SA-RiAUC
090 ## - LOCALLY ASSIGNED LC-TYPE CALL NUMBER (OCLC); LOCAL CALL NUMBER (RLIN)
Classification number (OCLC) (R) ; Classification number, CALL (RLIN) (NR)
953.11
Local cutter number (OCLC) ; Book number/undivided call number, CALL (RLIN)
ت ر ك
100 1# - MAIN ENTRY--PERSONAL NAME
Personal name
التركي، عبد الله بن إبراهيم بن علي
Relator term
مؤلف.
245 10 - TITLE STATEMENT
Title
منطقة سدير في عهد الدولة السعودية الأولى :
Remainder of title
دراسة تاريخية /
Statement of responsibility, etc.
د. عبد الله بن إبراهيم بن علي التركي.
264 #1 - PRODUCTION, PUBLICATION, DISTRIBUTION, MANUFACTURE, AND COPYRIGHT NOTICE
Place of production, publication, distribution, manufacture
الرياض :
Name of producer, publisher, distributor, manufacturer
دارة الملك عبد العزيز،
Date of production, publication, distribution, manufacture, or copyright notice
2005
300 ## - PHYSICAL DESCRIPTION
Extent
423 صفحة :
Other physical details
إيضاحات ؛
Dimensions
24 سم.
336 ## - CONTENT TYPE
Content type term
نص
Content type code
txt
Source
rdacontent
Materials specified
كتاب
337 ## - MEDIA TYPE
Media type term
بدون وسيط
Media type code
n
Source
rdamedia
338 ## - CARRIER TYPE
Carrier type term
مجلد
Carrier type code
nc
Source
rdacarrier
490 1# - SERIES STATEMENT
Series statement
إصدارات دارة الملك عبد العزيز ؛
--
سلسلة الرسائل الجامعية ؛
Volume/sequential designation
152.
--
16
504 ## - BIBLIOGRAPHY, ETC. NOTE
Bibliography, etc. note
ببليوجرافية : صفحة 379-405.
504 ## - BIBLIOGRAPHY, ETC. NOTE
Bibliography, etc. note
يشتمل على إرجاعات ببليوجرافية.
520 ## - SUMMARY, ETC.
Summary, etc.
يتناول كتاب (منطقة سدير في عهد الدولة السعودية الأولى: دراسة تاريخية) والذي قام بتأليفه (د. عبد الله بن إبراهيم بن علي التركي) في حوالي (423) صفحة من القطع المتوسط موضوع (سدير في عهد الدولة السعودية الأولى) مستعرضا المحتويات التالية : الفصل الأول الأوضاع العامة في منطقة سدير قبيل قيام الدولة السعودية الأولى، الفصل الثاني وصول دعوة الشيخ محمد بن عبد الوهاب إلى منطقة سدير، الفصل الثالث دخول منطقة سدير تحت حكم الدولة السعودية الأولى.
651 #7 - SUBJECT ADDED ENTRY--GEOGRAPHIC NAME
Geographic name
سدير (السعودية)
General subdivision
تاريخ
Chronological subdivision
الدولة السعودية الأولى، 1157-1233 هجري
Source of heading or term
aucsh
651 #7 - SUBJECT ADDED ENTRY--GEOGRAPHIC NAME
Geographic name
سدير (السعودية)
General subdivision
وصف ورحلات
Source of heading or term
aucsh
830 #0 - SERIES ADDED ENTRY--UNIFORM TITLE
Uniform title
إصدارات دارة الملك عبد العزيز
Volume/sequential designation
152
830 #0 - SERIES ADDED ENTRY--UNIFORM TITLE
Uniform title
إصدارات دارة الملك عبد العزيز.
Name of part/section of a work
سلسلة الرسائل الجامعية
Volume/sequential designation
16
942 ## - ADDED ENTRY ELEMENTS (KOHA)
Source of classification or shelving scheme
Dewey Decimal Classification
Koha item type
Books
Suppress in OPAC
No
949 ## - LOCAL PROCESSING INFORMATION (OCLC)
a
SA-JeALM
d
250904
u
osman123
n
1
Holdings
Withdrawn status
Lost status
Source of classification or shelving scheme
Damaged status
Not for loan
Home library
Current library
Date acquired
Total checkouts
Full call number
Barcode
Date last seen
Price effective from
Koha item type
Dewey Decimal Classification
DR AbdElwahab Library
DR AbdElwahab Library
09/07/2025
953.11 ت ر ك
000018547
09/07/2025
09/07/2025
Books
Place hold
Print
Add to your cart
(remove)
Save record
BIBTEX
Dublin Core
MARCXML
MARC (non-Unicode/MARC-8)
MARC (Unicode/UTF-8)
MARC (Unicode/UTF-8, Standard)
MODS (XML)
RIS
ISBD
More searches
Search for this title in:
Other Libraries (WorldCat)
Other Databases (Google Scholar)
Online Stores (Bookfinder.com)
Open Library (openlibrary.org)
Exporting to Dublin Core...
×
Simple DC-RDF
OAI-DC
SRW-DC